000 01311nam a2200373 i 4500
001 22239
003 KOSZ 005
005 20221116142516.0
008 990506s1983 pl a f |001 0 pol
015 _aPB 1983/6631
020 _a8301042168
040 _aWA N
_cWA N
_dKOSZ 005/HR
041 0 _apol
046 _k1983
080 _a005.1
245 0 0 _aWspółczesne teorie organizacji /
_cpod red. Andrzeja K[rzysztofa] Koźmińskiego ; aut. Krystyna Bolesta-Kukułka [et al.].
260 _aWarszawa :
_bPaństwowe Wydawnictwo Naukowe,
_c1983.
300 _a355, [1] s. :
_brys. ;
_c21 cm.
336 _2rdacontent
_aTekst
_btxt
337 _2rdamedia
_aBez urządzenia pośredniczącego
_bn
338 _2rdacarrier
_aWolumin
_bnc
380 _aKsiążki
388 _a1901-2000
388 _a1945-1989
504 _aBibliogr. przy rozdz.- Indeksy.
650 4 _aOrganizacja
650 4 _aZarządzanie
658 _aZarządzanie i marketing
700 1 _aKoźmiński, Andrzej Krzysztof
_d(1941- )
_eRedakcja
700 1 _aBolesta-Kukułka, Krystyna
_d(1941-2004)
_eAutor
710 2 _aPaństwowe Wydawnictwo Naukowe
_4pbl.
856 _uhttp://koha.tu.koszalin.pl/cgi-bin/koha/opac-detail.pl?biblionumber=22239
_yKatalog online BPK
942 _2UKD
_cKS
999 _c22239
_d22239